The morning star/ (Record no. 191788)

MARC details
000 -LEADER
fixed length control field 00505nam a22001817a 4500
005 - DATE AND TIME OF LATEST TRANSACTION
control field 20220905101330.0
010 ## - LCCN (DPL NO)
LC control number ENG-134857
020 ## - INTERNATIONAL STANDARD BOOK NUMBER
Terms of availability 120.00
International Standard Book Number 9788179664643
035 ## - SYSTEM CONTROL NUMBER
System control number EN-118389
037 ## - SOURCE OF ACQUISITION
Source of stock number/acquisition DBAD/PUB
082 ## - DEWEY DECIMAL CLASSIFICATION NUMBER
Classification number N
100 ## - MAIN ENTRY--PERSONAL NAME
Personal name Suryanganthan
245 ## - TITLE STATEMENT
Title The morning star/
Statement of responsibility, etc Suryanganthan
260 ## - PUBLICATION, DISTRIBUTION, ETC. (IMPRINT)
Date of publication, distribution, etc 2018
Place of publication, distribution, etc Chennai
Name of publisher, distributor, etc Emerald Publishers
270 ## - ADDRESS
Address 19B Shrinagar 15A, First Floor, Casa Major Raod, Egmore
City Chennai
Postal code 600008
300 ## - PHYSICAL DESCRIPTION
Extent 104p
Dimensions 21cm(pb)
942 ## - ADDED ENTRY ELEMENTS (KOHA)
Source of classification or shelving scheme Dewey Decimal Classification
Item type English Books
Classification part N
Call number suffix SUR
Holdings
Withdrawn status Lost status Not for loan Collection code Home library Current library Date acquired Source of acquisition Cost, normal purchase price Full call number Barcode Copy number Cost, replacement price Koha item type
      Fiction Ashok Vihar Ashok Vihar 05/09/2022 DBAD/PUB 120.00 N SUR EN-118389 1 120.00 English Books

© Delhi Public Library
Hit Counter
free hit counter